| 000 | 00644nam a22002417a 4500 | ||
|---|---|---|---|
| 999 |
_c308259 _d308259 |
||
| 001 | 22046 | ||
| 003 | UA-OsUOA | ||
| 005 | 20200327214601.0 | ||
| 007 | ta | ||
| 008 | 20031216b un ||||| |||| 00| 0 ukr d | ||
| 020 | _a9666201003 | ||
| 040 |
_aUA-OsUOA _bukr _cUA-OsUOA _dUA-OsUOA |
||
| 041 | _aukr | ||
| 044 | _aUA | ||
| 080 | _a008(075) | ||
| 090 |
_a008(075) _bУ45 |
||
| 245 |
_aУкраїнська та зарубіжна культура _bнавчальний посібник _cред. М. М. Заковича |
||
| 260 |
_aКиїв _bЗнання _c2001 |
||
| 300 | _a550 с. | ||
| 650 | 7 | _2UDC | |
| 942 |
_cBK _2udc |
||
| 955 | _a0 | ||